000 00485nam a22001697a 4500
005 20251108165154.0
008 250721s9999 xx 000 0 ara d
082 1 4 _a956.4/فاي
100 1 _aجابر، فايز مهند
245 1 0 _aالقدس :
_bماضيها , حاضرها , مستقبلها /
264 1 _aعمان :
_bدار الجليل،
_c[19-].
300 _a277ص
650 1 7 _aتاريخ فلسطين
650 1 7 _aالقدس
942 _2ddc
_cBK
999 _c21235
_d21235